| 000 | 00461nam a2200133Ia 4500 | ||
|---|---|---|---|
| 003 | GCL | ||
| 008 | 140319s9999 xx 000 0 ara d | ||
| 040 |
_aGCL / _cGCL |
||
| 082 | 0 | 4 |
_a415.3 _bط ط |
| 245 | 1 | 0 | _aالطبقة والنحو مع دراسة لمنهجية طبقات النحاة من الزبيدى الاندلسى الى السيوطى المصرى |
| 260 |
_a[S.N] : _bدار الفكر اللبنانى ، _c1992 |
||
| 300 | _a175 ص | ||
| 490 | _a | ||
| 999 |
_c28787 _d28787 |
||